| 000 | 00597cam a22002052 4500 | ||
|---|---|---|---|
| 001 | 0000020523 | ||
| 005 | 20151217152216.0 | ||
| 008 | 110921s xx 000 0 eng d | ||
| 020 | _a0853697473 : | ||
| 040 |
_aKABU _cKABU |
||
| 245 | 1 | 0 |
_aPharmacy practice / _cBen J. Whalley ...[et al.].. |
| 250 | _a1st ed. | ||
| 260 |
_aLondon : _bPhP, _c2008. |
||
| 300 | _axii, 212 p. | ||
| 650 | 0 |
_aPharmacy _xPractice _zGreat Britain. _@0000180865 |
|
| 700 | 1 |
_aCurtis, Stephen J. _@0000180866 |
|
| 852 | 1 | _9p3790 KES | |
| 908 | _a110921 | ||
| 950 | _@1 | ||
| 999 |
_c9380 _d9380 |
||